000 00719nam a2200241 4500
003 OSt
005 20260530113858.0
008 260520b2002 |||ao||| |||| 00| 0 eng d
040 _aICI
_bspa
_cICI
050 _aNK2715
_bI55 2002
245 1 0 _aIKEA
_bWork IKEA-for bedriftskunden
264 1 _bIKEA NO
_c2002
300 _a67 páginas
336 _atexto
_2rdacontent
337 _asin medio
_2rdamedia
338 _avolumen
_2rdacarrier
650 _aMuebles de oficina
_xDiseño
_931919
650 _aEspacios de trabajo
_xPlanificación
_931920
650 _aDiseño interior de oficinas
_931921
650 _aMobiliario comercial
_vCatálogos
_931922
650 _aDiseño escandinavo
_931923
942 _2lcc
_cBK
_n1
999 _c11683
_d11683